[Event "DEM U14 2019"]
[Site "Willingen GER"]
[Date "2019.06.12"]
[Round "6"]
[White "Pubantz, Jan"]
[Black "Lutz, Ruben"]
[Result "1-0"]
[Termination "normal"]
[Board "2"]
[WhiteElo "2192"]
[BlackElo "2055"]
[WhiteClock "00:03:32"]
[BlackClock "00:01:00"]
[PlyCount "171"]
[WhiteFideId "12996114"]
[BlackFideId "12975974"]
[EventCountry "GER"]
[EventRounds "9"]
[EventType "swiss"]
[EventDate "2019.06.08"]

1. d4 {[%clk 1:30:58]} 1... d5 {[%clk 1:30:47]} 2. c4 {[%clk 1:31:24]} 2... e6
{[%clk 1:31:10]} 3. Nf3 {[%clk 1:31:48]} 3... Nf6 {[%clk 1:31:33]} 4. g3 {
[%clk 1:32:09]} 4... Bb4+ {[%clk 1:31:52]} 5. Nbd2 {[%clk 1:32:03]} 5... O-O {
[%clk 1:32:12]} 6. Bg2 {[%clk 1:32:13]} 6... b6 {[%clk 1:32:14]} 7. O-O { [%clk
1:31:06]} 7... Bb7 {[%clk 1:32:29]} 8. Ne5 {[%clk 1:20:44]} 8... Nbd7 { [%clk
1:31:35]} 9. Ndf3 {[%clk 1:15:44]} 9... Be7 {[%clk 1:30:22]} 10. Qa4 { [%clk
1:07:10]} 10... Nxe5 {[%clk 1:20:28]} 11. Nxe5 {[%clk 1:04:57]} 11... Qe8
{[%clk 1:20:21]} 12. Qc2 {[%clk 1:04:47]} 12... c5 {[%clk 1:19:38]} 13. Rd1 {
[%clk 0:50:03]} 13... Rc8 {[%clk 1:18:43]} 14. dxc5 {[%clk 0:43:50]} 14... Bxc5
{[%clk 1:17:44]} 15. Bg5 {[%clk 0:39:49]} 15... Nd7 {[%clk 1:11:17]} 16. Nxd7 {
[%clk 0:29:43]} 16... Qxd7 {[%clk 1:11:42]} 17. Qb3 {[%clk 0:27:24]} 17... d4 {
[%clk 1:06:06]} 18. Rac1 {[%clk 0:24:20]} 18... Bxg2 {[%clk 1:06:04]} 19. Kxg2
{[%clk 0:24:43]} 19... Qb7+ {[%clk 1:06:24]} 20. Qf3 {[%clk 0:24:34]} 20...
Qxf3+ {[%clk 1:05:35]} 21. Kxf3 21... e5 {[%clk 1:04:58]} 22. Bd2 { [%clk
0:22:12]} 22... a5 {[%clk 1:05:03]} 23. e3 {[%clk 0:21:54]} 23... Rc6 { [%clk
0:55:40]} 24. Ke4 {[%clk 0:14:59]} 24... Re8 {[%clk 0:54:35]} 25. f3 { [%clk
0:13:54]} 25... Rd6 {[%clk 0:42:35]} 26. Be1 {[%clk 0:01:43]} 26... Rh6 { [%clk
0:41:03]} 27. h4 {[%clk 0:01:23]} 27... dxe3 {[%clk 0:37:12]} 28. Bc3 { [%clk
0:00:56]} 28... e2 {[%clk 0:34:37]} 29. Rd5 {[%clk 0:00:40]} 29... Bf2 { [%clk
0:33:53]} 30. Be1 {[%clk 0:01:02]} 30... Bd4 {[%clk 0:33:00]} 31. Rc2 { [%clk
0:00:59]} 31... Rc6 {[%clk 0:11:36]} 32. b3 {[%clk 0:01:19]} 32... Kf8 { [%clk
0:11:16]} 33. Rxe2 {[%clk 0:01:43]} 33... f6 {[%clk 0:08:45]} 34. Bf2 { [%clk
0:02:08]} 34... Bxf2 {[%clk 0:06:48]} 35. Rxf2 {[%clk 0:02:34]} 35... Ke7
{[%clk 0:06:59]} 36. Rfd2 {[%clk 0:02:56]} 36... Rc7 {[%clk 0:07:03]} 37. Rd6 {
[%clk 0:02:40]} 37... Rb8 {[%clk 0:07:14]} 38. R6d5 {[%clk 0:00:59]} 38... a4 {
[%clk 0:05:22]} 39. Rb5 {[%clk 0:00:41]} 39... axb3 {[%clk 0:05:16]} 40. axb3 {
[%clk 0:01:05]} 40... Ke6 {[%clk 0:01:55]} 41. Ra2 {[%clk 0:25:20]} 41... Kd6 {
[%clk 0:22:42]} 42. Rd5+ {[%clk 0:23:18]} 42... Kc6 {[%clk 0:18:09]} 43. Rad2 {
[%clk 0:19:16]} 43... Re7 {[%clk 0:13:25]} 44. Rd6+ {[%clk 0:18:23]} 44... Kc7
{[%clk 0:10:41]} 45. b4 {[%clk 0:15:00]} 45... Ra8 {[%clk 0:10:08]} 46. b5 {
[%clk 0:14:10]} 46... Ra4 {[%clk 0:06:10]} 47. Rc6+ {[%clk 0:13:30]} 47... Kb7
{[%clk 0:06:36]} 48. Rd8 {[%clk 0:04:45]} 48... Rc7 {[%clk 0:02:26]} 49. Kd5 {
[%clk 0:04:16]} 49... Ra3 {[%clk 0:02:22]} 50. Rxc7+ {[%clk 0:04:22]} 50...
Kxc7 {[%clk 0:02:48]} 51. Rg8 {[%clk 0:04:43]} 51... Rd3+ {[%clk 0:02:07]} 52.
Ke4 {[%clk 0:04:46]} 52... Rd7 {[%clk 0:01:58]} 53. Kf5 {[%clk 0:05:00]} 53...
Kd6 {[%clk 0:01:05]} 54. Rc8 {[%clk 0:02:04]} 54... Ke7 {[%clk 0:00:52]} 55.
Rc6 {[%clk 0:02:01]} 55... Rb7 {[%clk 0:01:14]} 56. Ke4 {[%clk 0:01:37]} 56...
Kd7 {[%clk 0:00:36]} 57. Kd5 {[%clk 0:00:47]} 57... Rb8 {[%clk 0:01:01]} 58. h5
{[%clk 0:01:07]} 58... h6 {[%clk 0:00:51]} 59. Ke4 {[%clk 0:01:16]} 59... Ke7 {
[%clk 0:00:33]} 60. Rc7+ {[%clk 0:01:28]} 60... Kf8 {[%clk 0:00:38]} 61. Kf5 {
[%clk 0:01:38]} 61... Rd8 {[%clk 0:00:34]} 62. Ke6 {[%clk 0:00:47]} 62... Re8+
{[%clk 0:00:42]} 63. Kd6 {[%clk 0:00:43]} 63... f5 {[%clk 0:01:00]} 64. Ra7 {
[%clk 0:00:40]} 64... e4 {[%clk 0:01:01]} 65. fxe4 {[%clk 0:01:06]} 65... fxe4
{[%clk 0:01:27]} 66. Ra2 {[%clk 0:01:22]} 66... Rc8 {[%clk 0:01:04]} 67. Kd5 {
[%clk 0:01:14]} 67... Rc5+ {[%clk 0:01:32]} 68. Kd4 {[%clk 0:01:35]} 68... Rxh5
{[%clk 0:01:52]} 69. Kxe4 {[%clk 0:01:54]} 69... Rg5 {[%clk 0:00:51]} 70. Ra6 {
[%clk 0:02:12]} 70... Ke7 {[%clk 0:01:07]} 71. Rxb6 {[%clk 0:02:29]} 71... Kd7
{[%clk 0:01:32]} 72. Kf4 {[%clk 0:01:37]} 72... Kc7 {[%clk 0:00:57]} 73. Re6 {
[%clk 0:01:44]} 73... Kb7 {[%clk 0:00:47]} 74. Re5 {[%clk 0:01:44]} 74... Rg6 {
[%clk 0:00:47]} 75. c5 {[%clk 0:02:04]} 75... Rf6+ {[%clk 0:00:46]} 76. Rf5 {
[%clk 0:02:20]} 76... g5+ {[%clk 0:00:33]} 77. Ke5 {[%clk 0:02:33]} 77... Rg6 {
[%clk 0:00:47]} 78. Rf6 {[%clk 0:02:51]} 78... Rg7 {[%clk 0:00:46]} 79. Rxh6 {
[%clk 0:03:13]} 79... Rc7 {[%clk 0:00:38]} 80. Rb6+ {[%clk 0:03:27]} 80... Ka7
{[%clk 0:00:50]} 81. Ra6+ {[%clk 0:03:38]} 81... Kb8 {[%clk 0:00:44]} 82. c6 {
[%clk 0:03:43]} 82... Rh7 {[%clk 0:00:32]} 83. b6 {[%clk 0:03:45]} 83... g4 {
[%clk 0:00:33]} 84. c7+ {[%clk 0:02:59]} 84... Kb7 {[%clk 0:01:00]} 85. Ra7+ {
[%clk 0:03:12]} 85... Kxb6 {[%clk 0:01:00]} 86. c8=Q {[%clk 0:03:32]} 1-0

[Event "DEM U14 2019"]
[Site "Willingen GER"]
[Date "2019.06.12"]
[Round "6"]
[White "von Krosigk, Florian"]
[Black "Weihrauch, Jakob"]
[Result "0-1"]
[Termination "normal"]
[Board "3"]
[WhiteElo "1926"]
[BlackElo "2158"]
[WhiteClock "00:06:00"]
[BlackClock "00:14:14"]
[PlyCount "64"]
[WhiteFideId "16227808"]
[BlackFideId "16210115"]
[EventCountry "GER"]
[EventRounds "9"]
[EventType "swiss"]
[EventDate "2019.06.08"]

1. e4 {[%clk 1:30:57]} 1... e5 {[%clk 1:30:44]} 2. Nf3 {[%clk 1:31:14]} 2...
Nc6 {[%clk 1:31:11]} 3. Bb5 {[%clk 1:30:30]} 3... a6 {[%clk 1:31:18]} 4. Ba4 {
[%clk 1:30:53]} 4... Nf6 {[%clk 1:30:56]} 5. d3 {[%clk 1:29:13]} 5... b5 {
[%clk 1:30:47]} 6. Bb3 {[%clk 1:29:41]} 6... Bc5 {[%clk 1:29:56]} 7. O-O {
[%clk 1:26:09]} 7... O-O {[%clk 1:25:43]} 8. Nc3 {[%clk 1:21:10]} 8... d6 {
[%clk 1:24:35]} 9. Nd5 {[%clk 1:19:59]} 9... h6 {[%clk 1:23:05]} 10. Nxf6+ {
[%clk 1:18:54]} 10... Qxf6 {[%clk 1:23:32]} 11. Bd5 {[%clk 1:19:16]} 11... Bd7
{[%clk 1:21:39]} 12. c3 {[%clk 1:18:56]} 12... Rab8 {[%clk 1:17:39]} 13. h3 {
[%clk 1:15:22]} 13... Ne7 {[%clk 1:16:12]} 14. Bb3 {[%clk 1:11:10]} 14... Rfd8
{[%clk 1:10:08]} 15. d4 {[%clk 1:04:04]} 15... Bb6 {[%clk 1:08:36]} 16. a4 {
[%clk 0:59:08]} 16... c5 {[%clk 0:58:00]} 17. dxe5 {[%clk 0:38:58]} 17... dxe5
{[%clk 0:58:22]} 18. Qe2 {[%clk 0:39:04]} 18... c4 {[%clk 0:54:18]} 19. Bc2 {
[%clk 0:39:00]} 19... Ng6 {[%clk 0:47:58]} 20. Kh1 {[%clk 0:35:02]} 20... Bc5 {
[%clk 0:40:16]} 21. axb5 {[%clk 0:32:00]} 21... axb5 {[%clk 0:40:21]} 22. Ng1 {
[%clk 0:22:18]} 22... b4 {[%clk 0:34:08]} 23. cxb4 {[%clk 0:12:21]} 23... Rxb4
{[%clk 0:28:24]} 24. Be3 {[%clk 0:06:30]} 24... Bd4 {[%clk 0:23:49]} 25. f4 {
[%clk 0:04:12]} 25... Bxe3 {[%clk 0:20:01]} 26. Qxe3 {[%clk 0:04:39]} 26...
exf4 {[%clk 0:20:24]} 27. Qc3 {[%clk 0:04:14]} 27... Rxb2 {[%clk 0:18:10]} 28.
Qxf6 {[%clk 0:04:37]} 28... gxf6 {[%clk 0:18:31]} 29. Ba4 {[%clk 0:05:03]}
29... Bxa4 {[%clk 0:17:47]} 30. Rxa4 {[%clk 0:05:32]} 30... Rdd2 { [%clk
0:17:03]} 31. Rxc4 {[%clk 0:05:34]} 31... Rxg2 {[%clk 0:17:28]} 32. Nf3 { [%clk
0:06:00]} 32... Rg3 {[%clk 0:14:14]} 0-1

[Event "DEM U14 2019"]
[Site "Willingen GER"]
[Date "2019.06.12"]
[Round "6"]
[White "Eilenberg, Jonas"]
[Black "Colbow, Collin"]
[Result "0-1"]
[Termination "normal"]
[Board "4"]
[WhiteElo "1934"]
[BlackElo "2169"]
[WhiteClock "00:48:03"]
[BlackClock "00:27:49"]
[PlyCount "102"]
[WhiteFideId "16204271"]
[BlackFideId "16201132"]
[EventCountry "GER"]
[EventRounds "9"]
[EventType "swiss"]
[EventDate "2019.06.08"]

1. d4 {[%clk 1:30:57]} 1... Nf6 {[%clk 1:30:33]} 2. Nf3 {[%clk 1:31:15]} 2...
e6 {[%clk 1:30:48]} 3. e3 {[%clk 1:31:33]} 3... b6 {[%clk 1:30:55]} 4. Bd3 {
[%clk 1:31:56]} 4... Bb7 {[%clk 1:31:20]} 5. O-O {[%clk 1:32:19]} 5... c5 {
[%clk 1:31:44]} 6. c4 {[%clk 1:32:44]} 6... Be7 {[%clk 1:30:57]} 7. Nc3 { [%clk
1:32:58]} 7... cxd4 {[%clk 1:31:14]} 8. exd4 {[%clk 1:33:22]} 8... d5 { [%clk
1:31:41]} 9. cxd5 {[%clk 1:33:47]} 9... Nxd5 {[%clk 1:31:40]} 10. Ne5 { [%clk
1:34:12]} 10... O-O {[%clk 1:31:11]} 11. Qh5 {[%clk 1:34:29]} 11... g6 { [%clk
1:30:37]} 12. Qh3 {[%clk 1:33:16]} 12... Nc6 {[%clk 1:29:50]} 13. Bh6 { [%clk
1:28:26]} 13... Nxd4 {[%clk 1:28:06]} 14. Bxf8 {[%clk 1:27:34]} 14... Bxf8 15.
Nxd5 {[%clk 1:17:43]} 15... Qxd5 {[%clk 1:25:53]} 16. Rfe1 { [%clk 1:16:33]}
16... Bb4 {[%clk 1:25:25]} 17. Ng4 {[%clk 1:10:29]} 17... Qg5 { [%clk 1:09:23]}
18. Rf1 {[%clk 0:57:25]} 18... h5 {[%clk 0:55:40]} 19. Ne3 { [%clk 0:57:33]}
19... e5 {[%clk 0:52:55]} 20. Qg3 {[%clk 0:50:49]} 20... Qf6 { [%clk 0:46:28]}
21. h4 {[%clk 0:42:39]} 21... e4 {[%clk 0:43:49]} 22. Bc4 { [%clk 0:42:48]}
22... b5 {[%clk 0:43:14]} 23. Qc7 {[%clk 0:42:16]} 23... bxc4 { [%clk 0:42:44]}
24. Rfd1 {[%clk 0:36:41]} 24... Qc6 {[%clk 0:34:14]} 25. Qxc6 { [%clk 0:34:51]}
25... Nxc6 {[%clk 0:34:22]} 26. Rd7 {[%clk 0:34:28]} 26... Ba6 {[%clk 0:32:10]}
27. Nd5 {[%clk 0:32:40]} 27... Ne5 {[%clk 0:07:15]} 28. Nxb4 { [%clk 0:32:56]}
28... Nxd7 {[%clk 0:07:33]} 29. Nxa6 {[%clk 0:33:22]} 29... Ne5 {[%clk
0:07:12]} 30. Rd1 {[%clk 0:30:07]} 30... Nd3 {[%clk 0:07:13]} 31. Rd2 { [%clk
0:29:00]} 31... Rc8 {[%clk 0:07:16]} 32. Kf1 {[%clk 0:28:24]} 32... Kf8 { [%clk
0:05:16]} 33. a3 {[%clk 0:27:13]} 33... f5 {[%clk 0:02:52]} 34. g3 { [%clk
0:24:53]} 34... Ke7 {[%clk 0:02:37]} 35. Rc2 {[%clk 0:22:56]} 35... Kd6 { [%clk
0:01:49]} 36. Ke2 {[%clk 0:22:21]} 36... Kd5 {[%clk 0:01:14]} 37. Ke3 { [%clk
0:21:07]} 37... Rc6 {[%clk 0:01:13]} 38. Nb4+ {[%clk 0:21:17]} 38... Nxb4
{[%clk 0:01:38]} 39. axb4 {[%clk 0:21:44]} 39... Rb6 {[%clk 0:01:54]} 40. Kf4 {
[%clk 0:21:16]} 40... Rxb4 {[%clk 0:01:14]} 41. Rd2+ {[%clk 0:21:38]} 41... Kc5
{[%clk 0:00:40]} 42. Kg5 {[%clk 0:18:23]} 42... Rb6 {[%clk 0:30:15]} 43. Rc2 {
[%clk 0:46:06]} 43... Kb4 {[%clk 0:29:14]} 44. Rc3 {[%clk 0:46:25]} 44... a5 {
[%clk 0:29:05]} 45. Kf4 {[%clk 0:46:04]} 45... Rd6 {[%clk 0:28:37]} 46. Kg5 {
[%clk 0:46:22]} 46... Rd2 {[%clk 0:26:48]} 47. Kxg6 {[%clk 0:46:43]} 47... Rxb2
{[%clk 0:27:11]} 48. Rc1 {[%clk 0:46:56]} 48... Rxf2 {[%clk 0:27:34]} 49. Kxh5
{[%clk 0:47:22]} 49... e3 {[%clk 0:27:25]} 50. Kg6 {[%clk 0:47:36]} 50... e2 {
[%clk 0:27:40]} 51. Re1 {[%clk 0:48:03]} 51... Kc3 {[%clk 0:27:49]} 0-1

[Event "DEM U14 2019"]
[Site "Willingen GER"]
[Date "2019.06.12"]
[Round "6"]
[White "Hetzner, Hannes"]
[Black "Musiolik, David"]
[Result "1/2-1/2"]
[Termination "normal"]
[Board "5"]
[WhiteElo "2001"]
[BlackElo "2132"]
[WhiteClock "00:00:47"]
[BlackClock "00:09:48"]
[PlyCount "79"]
[WhiteFideId "16211936"]
[BlackFideId "12972355"]
[EventCountry "GER"]
[EventRounds "9"]
[EventType "swiss"]
[EventDate "2019.06.08"]

1. d4 {[%clk 1:30:56]} 1... d5 {[%clk 1:30:56]} 2. c4 {[%clk 1:31:19]} 2... e6
{[%clk 1:31:20]} 3. Nf3 {[%clk 1:31:43]} 3... Nf6 {[%clk 1:31:44]} 4. g3 {
[%clk 1:32:09]} 4... Be7 {[%clk 1:32:03]} 5. Bg2 {[%clk 1:32:28]} 5... O-O {
[%clk 1:30:17]} 6. O-O {[%clk 1:32:53]} 6... dxc4 {[%clk 1:29:54]} 7. Qc2 {
[%clk 1:33:10]} 7... a6 {[%clk 1:26:32]} 8. a4 {[%clk 1:33:32]} 8... Nd5 {
[%clk 1:23:11]} 9. Rd1 {[%clk 1:19:58]} 9... Nd7 {[%clk 1:20:50]} 10. e4 {
[%clk 1:16:42]} 10... Nb4 {[%clk 1:20:52]} 11. Qxc4 {[%clk 1:16:21]} 11... b5 {
[%clk 1:21:01]} 12. Qe2 {[%clk 1:12:43]} 12... bxa4 13. Nc3 {[%clk 1:09:01]}
13... Nb6 {[%clk 1:16:09]} 14. Ne5 {[%clk 1:00:47]} 14... Bd7 {[%clk 1:12:58]}
15. d5 {[%clk 0:58:43]} 15... exd5 {[%clk 1:10:56]} 16. exd5 {[%clk 0:54:37]}
16... Bd6 {[%clk 1:08:23]} 17. Nc6 {[%clk 0:51:18]} 17... Qe8 {[%clk 1:05:07]}
18. Nxb4 {[%clk 0:37:29]} 18... Bxb4 {[%clk 1:03:43]} 19. Be3 {[%clk 0:27:14]}
19... Bd6 {[%clk 0:58:57]} 20. Ne4 {[%clk 0:22:55]} 20... Bb5 {[%clk 0:56:14]}
21. Nxd6 {[%clk 0:16:00]} 21... cxd6 {[%clk 0:56:01]} 22. Qh5 {[%clk 0:14:08]}
22... Nc4 {[%clk 0:53:50]} 23. Bd4 {[%clk 0:12:09]} 23... f5 {[%clk 0:43:13]}
24. Qg5 {[%clk 0:09:48]} 24... Qf7 {[%clk 0:42:28]} 25. Bh3 {[%clk 0:08:44]}
25... h6 {[%clk 0:41:59]} 26. Qf4 {[%clk 0:08:10]} 26... Rae8 {[%clk 0:41:23]}
27. Bg2 {[%clk 0:07:01]} 27... Re2 {[%clk 0:39:59]} 28. Bf3 {[%clk 0:05:56]}
28... Re7 {[%clk 0:37:39]} 29. Bc3 {[%clk 0:05:33]} 29... Qg6 {[%clk 0:34:39]}
30. h4 {[%clk 0:04:14]} 30... Rfe8 {[%clk 0:34:07]} 31. Qd4 {[%clk 0:03:10]}
31... Ne5 {[%clk 0:28:51]} 32. Bg2 {[%clk 0:03:18]} 32... Qg4 {[%clk 0:27:16]}
33. Qxg4 {[%clk 0:02:08]} 33... fxg4 {[%clk 0:26:49]} 34. Re1 {[%clk 0:01:47]}
34... Nd3 {[%clk 0:25:15]} 35. Re6 {[%clk 0:00:48]} 35... Rxe6 {[%clk 0:14:13]}
36. dxe6 {[%clk 0:01:15]} 36... Nc5 {[%clk 0:14:31]} 37. Rd1 {[%clk 0:01:10]}
37... Nxe6 {[%clk 0:11:25]} 38. Rxd6 {[%clk 0:01:30]} 38... Nc5 {[%clk 0:10:46]
} 39. Rg6 {[%clk 0:01:22]} 39... Re7 {[%clk 0:09:48]} 40. Rxg4 {[%clk 0:00:47]}
1/2-1/2

[Event "DEM U14 2019"]
[Site "Willingen GER"]
[Date "2019.06.12"]
[Round "6"]
[White "Elsner, Robert"]
[Black "Gallasch, Jonas"]
[Result "0-1"]
[Termination "normal"]
[Board "6"]
[WhiteElo "1745"]
[BlackElo "2137"]
[WhiteClock "00:29:41"]
[BlackClock "00:32:55"]
[PlyCount "82"]
[WhiteFideId "16246390"]
[BlackFideId "16222474"]
[EventCountry "GER"]
[EventRounds "9"]
[EventType "swiss"]
[EventDate "2019.06.08"]

1. Nf3 {[%clk 1:30:59]} 1... Nf6 {[%clk 1:30:42]} 2. c4 {[%clk 1:31:26]} 2...
c5 {[%clk 1:31:02]} 3. g3 {[%clk 1:31:02]} 3... d5 {[%clk 1:31:22]} 4. Bg2 {
[%clk 1:29:32]} 4... Nc6 {[%clk 1:31:35]} 5. O-O {[%clk 1:29:19]} 5... e5 {
[%clk 1:30:47]} 6. cxd5 {[%clk 1:29:11]} 6... Nxd5 {[%clk 1:31:06]} 7. d3 {
[%clk 1:29:31]} 7... Be7 {[%clk 1:31:21]} 8. Nbd2 {[%clk 1:28:42]} 8... Be6 {
[%clk 1:29:01]} 9. a3 {[%clk 1:27:41]} 9... O-O {[%clk 1:28:06]} 10. Qc2 {
[%clk 1:28:04]} 10... f6 {[%clk 1:11:29]} 11. e3 {[%clk 1:19:57]} 11... Rc8 {
[%clk 1:09:23]} 12. b3 {[%clk 1:20:18]} 12... Qd7 {[%clk 1:07:44]} 13. Bb2 {
[%clk 1:20:30]} 13... Rfd8 {[%clk 1:05:45]} 14. Rfd1 {[%clk 1:20:14]} 14... b5
{[%clk 0:55:26]} 15. Rac1 {[%clk 1:14:28]} 15... Na5 {[%clk 0:51:30]} 16. Qb1 {
[%clk 0:58:05]} 16... Nb6 {[%clk 0:45:01]} 17. d4 {[%clk 0:58:13]} 17... exd4 {
[%clk 0:40:45]} 18. exd4 {[%clk 0:58:07]} 18... Nxb3 {[%clk 0:39:29]} 19. Rc3 {
[%clk 0:53:48]} 19... Nxd2 {[%clk 0:36:09]} 20. Rxd2 {[%clk 0:53:59]} 20... c4
{[%clk 0:35:54]} 21. Nh4 {[%clk 0:40:29]} 21... Na4 {[%clk 0:33:35]} 22. Be4 {
[%clk 0:40:48]} 22... Nxc3 {[%clk 0:20:19]} 23. Bxh7+ {[%clk 0:41:10]} 23...
Kf8 {[%clk 0:20:22]} 24. Bxc3 {[%clk 0:41:16]} 24... Bxa3 {[%clk 0:09:20]} 25.
d5 {[%clk 0:21:48]} 25... Bh3 {[%clk 0:08:23]} 26. Ng6+ {[%clk 0:08:36]} 26...
Kf7 {[%clk 0:08:36]} 27. Nf4 {[%clk 0:08:49]} 27... Re8 {[%clk 0:03:52]} 28.
Bxf6 {[%clk 0:08:47]} 28... gxf6 {[%clk 0:03:36]} 29. Qg6+ {[%clk 0:09:13]}
29... Ke7 {[%clk 0:03:48]} 30. d6+ {[%clk 0:01:18]} 30... Bxd6 {[%clk 0:04:11]}
31. Nd5+ {[%clk 0:01:45]} 31... Kd8 {[%clk 0:04:32]} 32. Qxf6+ {[%clk 0:02:10]}
32... Be7 {[%clk 0:04:43]} 33. Qa6 {[%clk 0:00:41]} 33... Bd6 {[%clk 0:02:43]}
34. Rd1 {[%clk 0:00:37]} 34... Rc5 {[%clk 0:01:59]} 35. Qa5+ {[%clk 0:00:37]}
35... Bc7 {[%clk 0:02:06]} 36. Qxa7 {[%clk 0:00:47]} 36... Rxd5 {[%clk 0:01:05]
} 37. Qa8+ {[%clk 0:01:00]} 37... Ke7 {[%clk 0:01:31]} 38. Qxd5 {[%clk 0:00:58]
} 38... Qxd5 {[%clk 0:01:54]} 39. Rxd5 {[%clk 0:01:24]} 39... Rd8 { [%clk
0:02:07]} 40. Rxd8 {[%clk 0:01:22]} 40... Bxd8 {[%clk 0:02:31]} 41. f4 { [%clk
0:29:41]} 41... Bb6+ {[%clk 0:32:55]} 0-1

[Event "DEM U14 2019"]
[Site "Willingen GER"]
[Date "2019.06.12"]
[Round "6"]
[White "Arakelian, Aik"]
[Black "Haack, Kevin"]
[Result "1/2-1/2"]
[Termination "normal"]
[Board "7"]
[WhiteElo "1911"]
[BlackElo "2033"]
[WhiteClock "00:23:00"]
[BlackClock "00:03:42"]
[PlyCount "118"]
[WhiteFideId "16220340"]
[BlackFideId "16228715"]
[EventCountry "GER"]
[EventRounds "9"]
[EventType "swiss"]
[EventDate "2019.06.08"]

1. e4 {[%clk 1:30:55]} 1... c5 {[%clk 1:30:55]} 2. Nf3 {[%clk 1:31:21]} 2... d6
{[%clk 1:31:21]} 3. d4 {[%clk 1:31:44]} 3... cxd4 {[%clk 1:31:47]} 4. Nxd4 {
[%clk 1:32:09]} 4... Nf6 {[%clk 1:32:13]} 5. Nc3 {[%clk 1:32:32]} 5... a6 {
[%clk 1:32:41]} 6. a4 {[%clk 1:32:53]} 6... g6 {[%clk 1:32:54]} 7. Bg5 { [%clk
1:32:10]} 7... Nbd7 {[%clk 1:32:30]} 8. a5 {[%clk 1:31:51]} 8... Bg7 { [%clk
1:32:08]} 9. Be2 {[%clk 1:31:27]} 9... O-O {[%clk 1:31:44]} 10. O-O { [%clk
1:31:04]} 10... Qc7 {[%clk 1:30:47]} 11. Qd2 {[%clk 1:29:54]} 11... b6 { [%clk
1:24:59]} 12. axb6 {[%clk 1:28:04]} 12... Nxb6 {[%clk 1:24:27]} 13. Bh6 { [%clk
1:27:21]} 13... Bb7 {[%clk 1:21:49]} 14. Bxg7 {[%clk 1:25:44]} 14... Kxg7
{[%clk 1:19:35]} 15. f3 {[%clk 1:25:22]} 15... Rfd8 {[%clk 1:16:46]} 16. Rfd1 {
[%clk 1:22:25]} 16... d5 {[%clk 1:09:35]} 17. exd5 {[%clk 1:20:49]} 17... Nbxd5
{[%clk 1:08:59]} 18. Nxd5 {[%clk 1:16:28]} 18... Nxd5 {[%clk 1:08:53]} 19. Qa5
{[%clk 1:11:57]} 19... e5 {[%clk 1:02:16]} 20. Qxc7 {[%clk 1:11:47]} 20... Nxc7
{[%clk 1:02:42]} 21. Nb3 {[%clk 1:12:07]} 21... Rxd1+ {[%clk 0:52:29]} 22. Rxd1
{[%clk 1:12:21]} 22... Bd5 {[%clk 0:52:24]} 23. Nc5 {[%clk 1:10:19]} 23... a5 {
[%clk 0:51:06]} 24. c4 {[%clk 1:06:38]} 24... Be6 {[%clk 0:48:49]} 25. Rd6 {
[%clk 1:05:51]} 25... Kf8 {[%clk 0:47:13]} 26. Rc6 {[%clk 1:03:44]} 26... Ra7 {
[%clk 0:46:54]} 27. Kf2 {[%clk 1:03:04]} 27... Ke7 {[%clk 0:43:20]} 28. Ke3 {
[%clk 1:02:23]} 28... Bd7 {[%clk 0:39:16]} 29. Rb6 {[%clk 0:59:45]} 29... Ne6 {
[%clk 0:38:54]} 30. Nxe6 {[%clk 0:58:24]} 30... Bxe6 {[%clk 0:39:16]} 31. g4 {
[%clk 0:54:17]} 31... Rc7 {[%clk 0:36:47]} 32. b3 {[%clk 0:48:33]} 32... a4 {
[%clk 0:36:27]} 33. bxa4 {[%clk 0:48:39]} 33... Bxc4 {[%clk 0:36:45]} 34. Bxc4
{[%clk 0:49:05]} 34... Rxc4 {[%clk 0:37:11]} 35. a5 {[%clk 0:49:28]} 35... Ra4
{[%clk 0:33:26]} 36. a6 {[%clk 0:49:41]} 36... f5 {[%clk 0:31:50]} 37. gxf5 {
[%clk 0:43:57]} 37... gxf5 {[%clk 0:32:12]} 38. Rh6 {[%clk 0:42:38]} 38... Kd8
{[%clk 0:29:05]} 39. h4 {[%clk 0:41:56]} 39... Ra3+ {[%clk 0:28:19]} 40. Ke2 {
[%clk 0:40:44]} 40... f4 {[%clk 0:26:41]} 41. h5 {[%clk 0:40:16]} 41... Ke8 {
[%clk 0:20:34]} 42. Kd2 {[%clk 0:29:50]} 42... Kf8 {[%clk 0:18:38]} 43. Kc2 {
[%clk 0:29:05]} 43... Kg7 {[%clk 0:12:57]} 44. Kb2 {[%clk 0:27:54]} 44... Rxf3
{[%clk 0:12:32]} 45. Rxh7+ {[%clk 0:27:19]} 45... Kxh7 {[%clk 0:12:50]} 46. a7
{[%clk 0:27:45]} 46... Rf2+ {[%clk 0:06:07]} 47. Kb3 {[%clk 0:28:07]} 47... Kh6
{[%clk 0:06:04]} 48. a8=Q {[%clk 0:28:19]} 48... Kxh5 {[%clk 0:06:06]} 49. Qe8+
{[%clk 0:27:24]} 49... Kg4 {[%clk 0:06:25]} 50. Qxe5 {[%clk 0:27:36]} 50...
Rf3+ {[%clk 0:06:48]} 51. Kc4 {[%clk 0:27:39]} 51... Re3 {[%clk 0:07:06]} 52.
Qg7+ {[%clk 0:27:36]} 52... Kf3 {[%clk 0:07:25]} 53. Kd4 {[%clk 0:27:52]} 53...
Re4+ {[%clk 0:07:13]} 54. Kd5 {[%clk 0:27:47]} 54... Re1 {[%clk 0:07:03]} 55.
Qg5 {[%clk 0:27:23]} 55... Re3 {[%clk 0:07:09]} 56. Qf5 {[%clk 0:26:26]} 56...
Kg3 {[%clk 0:04:38]} 57. Kd4 {[%clk 0:25:43]} 57... Kf3 {[%clk 0:04:05]} 58.
Qh3+ {[%clk 0:23:16]} 58... Kf2 {[%clk 0:04:28]} 59. Qg4 {[%clk 0:23:00]} 59...
f3 {[%clk 0:03:42]} 1/2-1/2